Statistics for Cities in the Netherlands you might know

Click here to take the quiz!

General Stats

  • This quiz has been taken 32 times
  • The average score is 16 of 55

Answer Stats

% Correct
This is the capital of the NetherlandsAAmsterdam
100%
This city home to the biggest port in EuropeRRotterdam
97%
The International Court of Justice is located hereT HThe Hague
93%
The city is famous for their university, Miffy & the DomtorenUUtrecht
80%
It's home to the soccer/football club PSV and the tech company PhilipsEEindhoven
73%
It is the most southern province capitalMMaastricht
57%
This is the most northern province capitalGGroningen
53%
Home to the most famous cheese in the countryGGouda
50%
It's home to the very famous '... 4-day walk'NNijmegen
50%
It's the capital of North HollandHHaarlem
47%
This is the capital of CuraçaoWWillemstad
43%
The capital of North BrabantD BDen Bosch
40%
It has the biggest cheese market in the worldAAlkmaar
37%
It's the capital of GelderlandAArnhem
33%
It's the birthplace of Johannes Vermeer and Antoni van Leeuwenhoek
It also has an university
DDelft
33%
It's the 8th largest city in the country and located in North BrabantTTilburg
33%
It's home to the 'Apenheul'AApeldoorn
30%
This is the capital of ArubaOOranjestad
30%
It's the largest city bordering the BiesboschDDordrecht
27%
Home to the second most famous cheese in the countryEEdam
27%
It's one of the most stereotypical Dutch towns
Being famous for their traditional clothes and Paling sound
VVolendam
27%
This is the biggest city in FlevolandAAlmere
23%
It's home to the TT circuitAAssen
23%
The island of Texel is just 3km to the north (1,8 miles)D HDen Helder
23%
It contains the Wildlands Zoo, the Van Gogh house & multiple hunebeddenEEmmen
23%
It's the capital of FlevolandLLelystad
23%
It's the capital of ZeelandMMiddelburg
23%
It's famous for the New Years fire, Beaches & the musselmanSScheveningen
23%
It's the largest Dutch city from the former Hanseatic LeagueZZwolle
23%
It's also called 'the Venice of the Netherlands'GGiethoorn
20%
It's the location of the TV-studiosHHilversum
20%
The Efteling (biggest Dutch themepark) is located hereKKaatsheuvel
20%
It's the beginning and the end of the 'Elfstedentocht'LLeeuwarden
20%
This former island is considered the most hated city in the NetherlandsUUrk
20%
It has the most famous racing track in the NetherlandsZZandvoort
20%
Located in Drenthe, Berend Botje went to go hereZZuidlaren
20%
This is the most populous former island in the 'Zuiderzee'EEmmeloord
17%
It's the location of the medieval castle 'Muiderslot'MMuiden
17%
This is the capital of Sint-EustatiusOOranjestad
17%
This is the capital of Sint-MaartenPPhilipsburg
17%
Home to the biggest Dutch concentration camp during the WWIIWWesterbork
17%
It contains the most confusing part of the Dutch-Belgian borderB NBaarle-Nassau
13%
It's the location of the only Plopsaland in the NetherlandsCCoevorden
13%
It's home to the largest aquatic zoo in the LowlandsHHarderwijk
13%
This is the capital of BonaireKKralendijk
13%
It's home to the 'Keukenhof'LLisse
13%
It's the biggest and only city on VlielandO VOost-Vlieland
13%
It's the biggest and only city on SchiermonnikoogSSchiermonnikoog
13%
It's the most famous town in the BiblebeltSStaphorst
13%
This is the capital of SabaT BThe Bottom
13%
It's home to the highest point of the mainland NetherlandsVVaals
13%
The largest hunebed in the Netherlands is located hereBBorger
10%
It's the second largest city in FrieslandHHeerenveen
10%
It's famous for the large amount of windmills situated in the areaKKinderdijk
10%
It's the city where the muscial 'the soldier of orange' gets played
in the 'Theatre Hangar'
VValkenburg
7%

Score Distribution

Percentile by Number Answered

Percent of People with Each Score

Your Score History

You have not taken this quiz